• 首页
  • 本馆介绍
  • 公告通知
  • 最新文献
  • 馆藏检索
  • 电子资源
  • 读者导购
  • 参考咨询
  • 我的图书馆
  • 登录
  • 详细信息显示
  • 放入我的书架
  • 预约/预借图书
  • 作者相关作品
  • 分类相关作品
  • 丛书相关作品
  • 出版社相关作品

书目信息

  • 表格格式
  • 工作单格式
  • 卡片格式
题名:
工商管理专业知识与实务
    
 
作者: 张堃 主编 ;曹晓丽 编写
分册:   中级
出版信息: 北京   中国人事出版社  2012
页数: 249页
开本: 26cm
丛书名:
单 册:
中图分类: F203.9
科图分类:
主题词: 工商行政管理--资格考试--自学参考资料 , 工商行政管理
电子资源:
ISBN: 978-7-5129-0337-1
000 00996nam0 22002771 450
001 524
005 20140908163139.75
010    @a978-7-5129-0337-1@dCNY48.00
100    @a20121010d2012 em y0chiy50 ea
101 0  @achi
102    @aCN@b110000
105    @ay z 000yy
106    @ar
200 1  @a工商管理专业知识与实务@AGong Shang Guan Li Zhuan Ye Zhi Shi Yu Shi Wu@i中级@IZhong Ji@f张堃主编@FZhang堃 Zhu Bian@g曹晓丽[等]编写
210    @a北京@c中国人事出版社@d2012
215    @a249页@d26cm
300    @a全国经济专业技术资格考试用书(2012年版)
304    @a人力资源社会保障部人事考试中心组织编写
330    @a本书介绍了企业战略与经营决策、公司法人治理结构、市场营销与品牌建设、生产管理与控制、物流管理、技术创新管理等八章内容。
606 0  @a工商行政管理@x资格考试@j自学参考资料
606 0  @a工商行政管理
690    @aF203.9@v5
701  0 @a张堃@AZhang Kun@4主编
702  0 @a曹晓丽@ACao Xiao Li@4编写
801  0 @aCN@bTANGWEI@c20140603
905    @b0837534-36@dF203.9@e87@f3
    
    工商管理专业知识与实务.中级/张堃主编/曹晓丽[等]编写.-北京:中国人事出版社,2012
    249页;26cm
    全国经济专业技术资格考试用书(2012年版)
    
    ISBN 978-7-5129-0337-1:CNY48.00
    本书介绍了企业战略与经营决策、公司法人治理结构、市场营销与品牌建设、生产管理与控制、物流管理、技术创新管理等八章内容。
●
相关链接 在E读中查询图书 在五车中查询图书 在当当中查询图书 在豆瓣中查询图书


正题名:工商管理专业知识与实务     索取号:F203.9/87         预约/预借

序号 登录号 条形码 馆藏地/架位号 状态 备注
1 0837534   208375346   第一样本阅览室/ [索取号:F203.9/87] 在馆    
2 0837535   208375355   第一借阅区/ [索取号:F203.9/87] 在馆    
3 0837536   208375364   密集书库-海洋学院/ [索取号:F203.9/87] 在馆    
唐山师范学院图书馆 欢迎您!
大连网信软件有限公司© 版权所有